000 00666cam a2200193 i 4500
005 20251221110506.0
008 250721s2018 ua gr 000 0 ara d
020 _a9789774565198
082 1 4 _a218.2
_bش ا د
100 1 _aأبو شادي، خالد
_eمؤلف.
245 1 0 _aقلوب أمام المرآة /
_cخالد ابو شادي.
250 _aالطبعه الاولى.
264 3 1 _aمصر :
_bدار الاندلس الجديدة للنشر والتوزيع،
_c2018.
300 _a248 صفحة.
650 1 7 _aالاداب الاسلامية.
650 1 7 _aالمواعظ الاسلامية.
942 _2ddc
_cBK
999 _c138024
_d138024